Plus Grandes Villes Grand Est - Statistiques

Statistiques générales
  • Ce quiz a été pris 198 fois
  • Le résultat moyen est 18 sur 32
Statistiques - réponses
Département Ville
Population
(en milliers)
% Correct
Bas Rhin Strasbourg 284
99%
Moselle Metz 116
97%
Meurthe et Moselle Nancy 104
97%
Haut Rhin Colmar 68
94%
Marne Reims 182
93%
Haut Rhin Mulhouse 108
92%
Aube Troyes 61
83%
Vosges Épinal 32
81%
Ardennes Charleville Mézières 46
78%
Marne Chalons en Champagne 44
72%
Moselle Thionville 40
66%
Meuse Verdun 17
61%
Haute Marne Chaumont 21
60%
Bas Rhin Haguenau 34
55%
Vosges Saint Dié des Vosges 19
55%
Ardennes Sedan 16
54%
Moselle Forbach 21
52%
Haute Marne Saint Dizier 23
52%
Marne Épernay 22
48%
Moselle Sarreguemines 20
46%
Meurthe et Moselle Lunéville 18
45%
Bas Rhin Sélestat 19
45%
Bas Rhin Schiltigheim 33
44%
Meurthe et Moselle Vandœuvre lès Nancy 30
43%
Bas Rhin Illkirch Graffenstaden 26
42%
Meurthe et Moselle Toul 15
42%
Moselle Montigny lès Metz 21
34%
Haut Rhin Saint Louis 21
34%
Moselle Hayange 15
23%
Bas Rhin Lingolsheim 18
19%
Moselle Yutz 16
17%
Bas Rhin Bischheim 17
16%
Aucun quiz correspondant
Distribution des résultats
% des personnes avec chaque résultat
Percentile par nombre de réponses
Votre historique - résultats
Vous n’avez pas pris ce quiz